Review of Ghana Law (Record no. 5961)
[ view plain ]
| 000 -LEADER | |
|---|---|
| fixed length control field | 00459nam a22001697a 4500 |
| 003 - CONTROL NUMBER IDENTIFIER | |
| control field | OSt |
| 005 - DATE AND TIME OF LATEST TRANSACTION | |
| control field | 20250526145604.0 |
| 008 - FIXED-LENGTH DATA ELEMENTS--GENERAL INFORMATION | |
| fixed length control field | 250526b |||||||| |||| 00| 0 eng d |
| 040 ## - CATALOGING SOURCE | |
| Transcribing agency | Accra |
| 050 ## - LIBRARY OF CONGRESS CALL NUMBER | |
| Classification number | RGLO-05 |
| 100 ## - MAIN ENTRY--PERSONAL NAME | |
| Dates associated with a name | Edited by: D. R. K. Sankah |
| 245 ## - TITLE STATEMENT | |
| Title | Review of Ghana Law |
| 260 ## - PUBLICATION, DISTRIBUTION, ETC. | |
| Place of publication, distribution, etc. | Accra; |
| Name of publisher, distributor, etc. | Council of Law Report; |
| Date of publication, distribution, etc. | c2001 - 2005 |
| 300 ## - PHYSICAL DESCRIPTION | |
| Extent | vii, 328 pages |
| Dimensions | 24 cm |
| 500 ## - GENERAL NOTE | |
| General note | Includes Book Review, Statutes Citation |
| 942 ## - ADDED ENTRY ELEMENTS (KOHA) | |
| Source of classification or shelving scheme | Library of Congress Classification |
| Koha item type | Books |
| Suppress in OPAC | No |
| Withdrawn status | Lost status | Source of classification or shelving scheme | Damaged status | Not for loan | Collection | Home library | Current library | Shelving location | Date acquired | Total checkouts | Full call number | Barcode | Date last seen | Copy number | Uniform resource identifier | Price effective from | Koha item type |
|---|---|---|---|---|---|---|---|---|---|---|---|---|---|---|---|---|---|
| Library of Congress Classification | Non-fiction | Law Library (Christ Temple) | Law Library (Christ Temple) | Reference | 05/26/2025 | RGLO1-05 VOL.XXI | LLCT00000685 | 05/26/2025 | 1 | VOL.XXI 2001 - 2005 | 05/26/2025 | Books |